| 000 | 01201nam a2200253Ia 4500 | ||
|---|---|---|---|
| 003 | Ost | ||
| 005 | 20260416102350.0 | ||
| 008 | 260416s9999||||xx |||||||||||||| ||und|| | ||
| 040 | _cfsecg | ||
| 041 | _aara | ||
| 082 | _a658 | ||
| 100 |
_aبقاش، شهيرة _eمؤلف |
||
| 245 | 0 |
_aمدخل لإدارة الأعمال / _c شهيرة بقاش |
|
| 260 |
_aالجزائر _bجامعة الجزائر3: كلية العلوم الإقتصادية، العلوم التجارية وعلوم التسيير _c2015 |
||
| 300 |
_a108 ورقة _bايضاحات _c30 سم |
||
| 504 | _aمراجع ص.105 | ||
| 520 | _aمفاهيم أساسية حول ادارة الاعمال ، تطور الفكر الاداري ،التنظيم والهيكل التنظيمي ،عملية اتخاذ القرار ، التخطيط، التحفيز، القيادة والرقابة | ||
| 653 | _aاتخاذ القرارات | ||
| 653 | _aادارة الاعمال | ||
| 653 | _aالتخطيط | ||
| 653 | _aالرقابة | ||
| 710 |
_aجامعة الجزائر3: كلية العلوم الإقتصادية، العلوم التجارية وعلوم التسيير _eناشر علمي |
||
| 942 | _cHANDOUT | ||
| 999 |
_c40983 _d40983 |
||